| 000 | 00499nam 2200157 4500 | ||
|---|---|---|---|
| 001 | 5649 | ||
| 090 | _a5649 | ||
| 100 | _a20190729k u||y0frey50 ba | ||
| 101 | _afre | ||
| 200 |
_aLa lutte des femmes dans l'habillement et le textile _bBrochure _fService formation du PSU |
||
| 210 |
_aParis, France _cParti socialiste unifié (PSU) |
||
| 606 |
_aMouvement ouvrier _91057 |
||
| 606 |
_93004 _aCondition féminine |
||
| 607 |
_9521 _aFrance |
||
| 710 |
_92740 _aParti Socialiste Unifié (PSU) |
||
| 801 |
_aCH _bCH-002049-8 |
||